[Event "Mecklenburg VP-ch U16"]
[Site "Malchow"]
[Date "2019.02.05"]
[Round "5.4"]
[White "Boettner, Oliver"]
[Black "Thote, Christian"]
[Result "1/2-1/2"]
[WhiteElo "1575"]
[BlackElo "1387"]
[PlyCount "70"]
[EventDate "2019.02.02"]
[EventType "swiss"]
[EventRounds "7"]
[EventCountry "GER"]
[SourceTitle "EXT 2022"]
[Source "ChessBase"]
[SourceDate "2021.10.06"]
[SourceVersion "1"]
[SourceVersionDate "2021.10.06"]
[SourceQuality "1"]

1. f4 d5 2. Nf3 g6 3. e3 Bg7 4. Be2 Nf6 5. 0-0 0-0 6. d3 c5 7. Nc3 Nc6 8. e4 d4 9. Na4 Nd7 10. c4 b6 11. a3 a5 12. b3 e5 13. f5 gxf5 14. exf5 Nf6 15. Nh4 e4 16. dxe4 Nxe4 17. Bd3 Nc3 18. Qh5 f6 19. Kh1 Ne5 20. Nxc3 Nxd3 21. Nd5 Nxc1 22. Raxc1 b5 23. Rce1 Ra7 24. Rf2 Raf7 25. Rfe2 bxc4 26. bxc4 Ba6 27. Ng6 Bxc4 28. Nde7+ Rxe7 29. Nxe7+ Kh8 30. Ng6+ Kg8 31. Nxf8 Bxe2 32. Qxh7+ Kxf8 33. Rxe2 Qb6 34. Re1 d3 35. Qh5 Qd8 1/2-1/2

[Event "Mecklenburg VP-ch U16"]
[Site "Malchow"]
[Date "2019.02.04"]
[Round "4.5"]
[White "Lange, Antonius"]
[Black "Boettner, Oliver"]
[Result "0-1"]
[WhiteElo "1367"]
[BlackElo "1575"]
[PlyCount "88"]
[EventDate "2019.02.02"]
[EventType "swiss"]
[EventRounds "7"]
[EventCountry "GER"]
[SourceTitle "EXT 2022"]
[Source "ChessBase"]
[SourceDate "2021.10.06"]
[SourceVersion "1"]
[SourceVersionDate "2021.10.06"]
[SourceQuality "1"]

1. e4 d6 2. Nf3 g6 3. d4 Bg7 4. Nc3 Nf6 5. Be3 0-0 6. Bc4 b6 7. b4 Bb7 8. Nd2 Nc6 9. Rb1 Nd7 10. Nf3 e6 11. 0-0 Ne7 12. Re1 Rc8 13. Qd2 c5 14. bxc5 dxc5 15. d5 exd5 16. exd5 Nf6 17. Bg5 Nf5 18. Ne4 Nxe4 19. Rxe4 f6 20. Bf4 Kh8 21. Rbe1 a6 22. a3 b5 23. Ba2 c4 24. Rd1 Rc5 25. Qe2 Rxd5 26. Bd2 Rd7 27. Re6 Bxf3 28. gxf3 Nd4 29. Qe4 Nxe6 30. Qe1 Nd4 31. Qe4 Nxf3+ 32. Qxf3 Rxd2 33. Rxd2 Qxd2 34. Qe4 Qc1+ 35. Kg2 Qb2 36. Qc6 Qxa3 37. Bxc4 bxc4 38. Qxc4 f5 39. Qc6 a5 40. Qc4 Qb4 41. Qa2 Rd8 42. Qe6 Qg4+ 43. Kh1 Rd1+ 44. Qe1 Rxe1# 0-1

[Event "Mecklenburg VP-ch U16"]
[Site "Malchow"]
[Date "2019.02.03"]
[Round "3.5"]
[White "Boettner, Oliver"]
[Black "Jenschke, Tim"]
[Result "1/2-1/2"]
[WhiteElo "1575"]
[BlackElo "1530"]
[PlyCount "43"]
[EventDate "2019.02.02"]
[EventType "swiss"]
[EventRounds "7"]
[EventCountry "GER"]
[SourceTitle "EXT 2022"]
[Source "ChessBase"]
[SourceDate "2021.10.06"]
[SourceVersion "1"]
[SourceVersionDate "2021.10.06"]
[SourceQuality "1"]

1. e4 c5 2. Nf3 Nc6 3. d4 cxd4 4. Nxd4 g6 5. Nxc6 bxc6 6. Nc3 Bg7 7. Bd2 e6 8. g3 d5 9. exd5 cxd5 10. Bg2 Ba6 11. Rb1 Rc8 12. a4 Ne7 13. Nb5 Bxb5 14. axb5 0-0 15. 0-0 Nf5 16. Bb4 Re8 17. Qd3 Qb6 18. c3 Rb8 19. Ra1 Qxb5 20. Qxb5 Rxb5 21. Rxa7 Rd8 22. Rd1 1/2-1/2

[Event "Mecklenburg VP-ch U16"]
[Site "Malchow"]
[Date "2019.02.02"]
[Round "1.6"]
[White "Boettner, Oliver"]
[Black "Meiske, Moritz"]
[Result "1-0"]
[WhiteElo "1575"]
[BlackElo "1330"]
[PlyCount "81"]
[EventDate "2019.02.02"]
[EventType "swiss"]
[EventRounds "7"]
[EventCountry "GER"]
[SourceTitle "EXT 2022"]
[Source "ChessBase"]
[SourceDate "2021.10.06"]
[SourceVersion "1"]
[SourceVersionDate "2021.10.06"]
[SourceQuality "1"]

1. e4 c6 2. d4 d5 3. e5 Bf5 4. Nc3 e6 5. Be3 Bb4 6. Nf3 Ne7 7. Be2 Nd7 8. 0-0 0-0 9. a3 Ba5 10. b4 Bb6 11. Bd3 Qc7 12. Bg5 f6 13. exf6 Nxf6 14. Ne2 Ne4 15. Bf4 Qd7 16. Ne5 Qe8 17. Re1 Bc7 18. Bxe4 Bxe4 19. Bg3 Nf5 20. f3 Nxg3 21. Nxg3 Bg6 22. Re3 Bxe5 23. Rxe5 Qe7 24. Qe2 Rf6 25. Re1 Re8 26. c3 a6 27. Qe3 h6 28. f4 Qd7 29. f5 Bf7 30. a4 b6 31. Qe2 Qc8 32. c4 Kh8 33. Qe3 Qd7 34. b5 axb5 35. axb5 dxc4 36. bxc6 Qxc6 37. d5 Qc8 38. fxe6 Bg8 39. Ne4 b5 40. Nxf6 gxf6 41. Qxh6+ 1-0

[Event "Mecklenburg VP LL2 Ost 1819"]
[Site "Mecklenburg VP"]
[Date "2018.12.16"]
[Round "4.7"]
[White "Boettner, Oliver"]
[Black "Ehmann, Roland"]
[Result "0-1"]
[WhiteElo "1504"]
[BlackElo "1632"]
[PlyCount "146"]
[EventDate "2018.10.21"]
[EventType "team-tourn"]
[EventRounds "9"]
[EventCountry "GER"]
[SourceTitle "EXT 2022"]
[Source "ChessBase"]
[SourceDate "2021.10.06"]
[SourceVersion "1"]
[SourceVersionDate "2021.10.06"]
[SourceQuality "1"]
[WhiteTeam "Stralsund FHSG II"]
[BlackTeam "Waterkant Saal SV"]
[WhiteTeamCountry "GER"]
[BlackTeamCountry "GER"]

1. e4 e5 2. Nf3 Nf6 3. d3 d6 4. Be3 Ng4 5. Nbd2 Nxe3 6. fxe3 Be7 7. d4 Bg4 8. Be2 Nd7 9. 0-0 0-0 10. c3 b6 11. Qa4 a6 12. Rf2 b5 13. Qc2 f5 14. h3 fxe4 15. Qxe4 Nf6 16. Qc2 Bh5 17. Bd3 exd4 18. exd4 h6 19. Nh4 Nd5 20. Rxf8+ Qxf8 21. Bh7+ Kh8 22. Rf1 Qe8 23. Ng6+ Bxg6 24. Bxg6 Qd8 25. Be4 Ne3 26. Qd3 Nxf1 27. Qxf1 d5 28. Bc2 Qg8 29. Nf3 Rf8 30. Qd3 Bf6 31. Qg6 Be7 32. Qxa6 Qf7 33. Qxb5 Bd6 34. Bb3 Qf4 35. Qf1 c6 36. Bd1 Qg3 37. Be2 Bf4 38. b3 Be3+ 39. Kh1 Qf2 40. Qxf2 Bxf2 41. Ne5 Rf6 42. Bf3 Bg3 43. Nd7 Re6 44. Ne5 Bxe5 45. dxe5 Rxe5 46. a4 Re3 47. c4 d4 48. Kg1 c5 49. a5 Rxb3 50. a6 Ra3 51. Bb7 Ra2 52. Kf1 d3 53. Ke1 d2+ 54. Kd1 Kg8 55. Bd5+ Kf8 56. a7 Rxa7 57. Kxd2 Ke7 58. Ke3 Kf6 59. Kf4 g5+ 60. Kg4 Re7 61. Kh5 Kg7 62. Bf3 Rf7 63. Bd5 Rf4 64. g3 Rd4 65. Be6 Rd3 66. Kg4 Kf6 67. Bg8 Kg6 68. h4 h5+ 69. Kh3 g4+ 70. Kg2 Rc3 71. Bd5 Kf6 72. Kf2 Ke5 73. Bf7 Rf3+ 0-1

[Event "Mecklenburg VP-ch U14"]
[Site "Malchow"]
[Date "2018.02.07"]
[Round "6.1"]
[White "Boettner, Oliver"]
[Black "Fromm, Marius"]
[Result "0-1"]
[WhiteElo "1615"]
[BlackElo "1938"]
[PlyCount "66"]
[EventDate "2018.02.07"]
[EventType "swiss"]
[EventRounds "7"]
[EventCountry "GER"]
[SourceTitle "EXT 2022"]
[Source "ChessBase"]
[SourceDate "2021.10.06"]
[SourceVersion "1"]
[SourceVersionDate "2021.10.06"]
[SourceQuality "1"]

1. f4 d5 2. Nf3 Nf6 3. e3 g6 4. Be2 Bg7 5. d3 0-0 6. 0-0 c5 7. Nc3 Nc6 8. e4 d4 9. Nb1 b5 10. c3 Bb7 11. cxd4 cxd4 12. Na3 a6 13. Nc2 Qb6 14. Kh1 Rac8 15. b3 Rfd8 16. Bb2 Nxe4 17. dxe4 d3 18. Bxd3 Bxb2 19. Rb1 Bg7 20. Qe2 Qa5 21. a4 Qc3 22. Rfd1 Na5 23. b4 Nc4 24. Bxc4 Rxd1+ 25. Qxd1 Qxc4 26. Na3 Qc3 27. Rb3 Qc1 28. Qxc1 Rxc1+ 29. Ng1 Bxe4 30. h3 Bd4 31. Kh2 Rxg1 32. Rg3 Ra1 33. axb5 Bg1+ 0-1

[Event "Mecklenburg VP-ch U14"]
[Site "Malchow"]
[Date "2018.02.07"]
[Round "2.6"]
[White "Boettner, Oliver"]
[Black "Kruse, Johannes"]
[Result "1-0"]
[WhiteElo "1615"]
[BlackElo "1213"]
[PlyCount "75"]
[EventDate "2018.02.07"]
[EventType "swiss"]
[EventRounds "7"]
[EventCountry "GER"]
[SourceTitle "EXT 2022"]
[Source "ChessBase"]
[SourceDate "2021.10.06"]
[SourceVersion "1"]
[SourceVersionDate "2021.10.06"]
[SourceQuality "1"]

1. e4 c5 2. Nf3 e6 3. c3 Nf6 4. d3 Nc6 5. Bg5 Be7 6. Be2 0-0 7. 0-0 d5 8. Nbd2 Qc7 9. Bxf6 Bxf6 10. Qc2 b6 11. Rac1 a5 12. d4 c4 13. b3 b5 14. a4 cxb3 15. Qxb3 bxa4 16. Qxa4 Bd7 17. Bb5 Nb8 18. exd5 exd5 19. Nb3 Bxb5 20. Qxb5 Qc4 21. Qxc4 dxc4 22. Nbd2 Rc8 23. Ra1 Nd7 24. Rfb1 Kf8 25. Ra4 Rcb8 26. Rxb8+ Rxb8 27. Rxa5 Ke7 28. g4 g6 29. Nxc4 Rb3 30. Ra3 Rxa3 31. Nxa3 Nb6 32. Kf1 Kd7 33. Ke2 Kc6 34. c4 h6 35. Kd3 g5 36. Ke4 Nc8 37. Ne5+ Bxe5 38. Kxe5 1-0

[Event "Mecklenburg VP-ch U14"]
[Site "Malchow"]
[Date "2018.02.07"]
[Round "7.5"]
[White "Roeste, Hugo"]
[Black "Boettner, Oliver"]
[Result "0-1"]
[WhiteElo "1472"]
[BlackElo "1615"]
[PlyCount "68"]
[EventDate "2018.02.07"]
[EventType "swiss"]
[EventRounds "7"]
[EventCountry "GER"]
[SourceTitle "EXT 2022"]
[Source "ChessBase"]
[SourceDate "2021.10.06"]
[SourceVersion "1"]
[SourceVersionDate "2021.10.06"]
[SourceQuality "1"]

1. d4 f5 2. c4 Nf6 3. Nc3 e6 4. e3 Be7 5. Bd3 d6 6. Nf3 0-0 7. 0-0 b6 8. b3 Bb7 9. Bb2 Qe8 10. Re1 Qg6 11. Bf1 Nh5 12. d5 e5 13. Be2 Nf6 14. Nh4 Qg5 15. Nf3 Qh6 16. Qc2 g6 17. Bc1 e4 18. Nd4 c6 19. dxc6 Nxc6 20. Ne6 Rf7 21. Nc7 Rc8 22. N7d5 Ne5 23. Nxe7+ Rxe7 24. Ba3 Rd7 25. Qd1 Qh4 26. Nd5 Bxd5 27. cxd5 Nfg4 28. Bxg4 Nxg4 29. h3 Qxf2+ 30. Kh1 Nxe3 31. Qe2 Qxe2 32. Rxe2 Nxd5 33. Rd2 Ne7 34. Rxd6 Rcd8 0-1

[Event "Mecklenburg VP LL2 Ost 1718"]
[Site "Mecklenburg VP"]
[Date "2017.12.10"]
[Round "4.5"]
[White "Boettner, Oliver"]
[Black "Buenz, Heinrich"]
[Result "1/2-1/2"]
[WhiteElo "1581"]
[BlackElo "1671"]
[PlyCount "91"]
[EventDate "2017.10.08"]
[EventType "team-tourn"]
[EventRounds "9"]
[EventCountry "GER"]
[SourceTitle "EXT 2022"]
[Source "ChessBase"]
[SourceDate "2021.10.06"]
[SourceVersion "1"]
[SourceVersionDate "2021.10.06"]
[SourceQuality "1"]
[WhiteTeam "Stralsund FHSG II"]
[BlackTeam "Neubrandenburg SG Eintracht II"]
[WhiteTeamCountry "GER"]
[BlackTeamCountry "GER"]

1. f4 Nf6 2. d3 d5 3. Nf3 Nbd7 4. Nbd2 e6 5. e4 Ng4 6. Nb3 Bc5 7. Nxc5 Nxc5 8. e5 c6 9. Ng5 Nh6 10. d4 Nd7 11. Qh5 Qe7 12. g4 Nf8 13. Bd3 Bd7 14. c3 0-0-0 15. f5 exf5 16. gxf5 f6 17. Nf3 Be8 18. Qh4 Nf7 19. Kd1 c5 20. Rg1 g5 21. exf6 Qxf6 22. Bxg5 Nxg5 23. Qxg5 Qxg5 24. Rxg5 h6 25. Rg7 Bh5 26. Be2 Nd7 27. Kd2 c4 28. Rxd7 Rxd7 29. Ne5 Bxe2 30. Nxd7 Kxd7 31. Kxe2 Rg8 32. Rf1 Ke7 33. f6+ Kf7 34. Rf2 Rg6 35. Ke3 Rxf6 36. Rxf6+ Kxf6 37. Kf4 b5 38. Kg4 a5 39. a3 Kg6 40. h3 Kf6 41. h4 Kg6 42. h5+ Kf6 43. Kf4 Ke6 44. Kg4 Kf6 45. Kf4 Ke6 46. Kg4 1/2-1/2

[Event "Mecklenburg VP LL2 Ost 1718"]
[Site "Mecklenburg VP"]
[Date "2017.11.12"]
[Round "2.4"]
[White "Onasch, Gunnar"]
[Black "Boettner, Oliver"]
[Result "1-0"]
[WhiteElo "1804"]
[BlackElo "1581"]
[PlyCount "79"]
[EventDate "2017.10.08"]
[EventType "team-tourn"]
[EventRounds "9"]
[EventCountry "GER"]
[SourceTitle "EXT 2022"]
[Source "ChessBase"]
[SourceDate "2021.10.06"]
[SourceVersion "1"]
[SourceVersionDate "2021.10.06"]
[SourceQuality "1"]
[WhiteTeam "Waterkant Saal SV"]
[BlackTeam "Stralsund FHSG II"]
[WhiteTeamCountry "GER"]
[BlackTeamCountry "GER"]

1. d4 d5 2. c4 e6 3. Nf3 Nf6 4. Nc3 b6 5. cxd5 Nxd5 6. e4 Nxc3 7. bxc3 Bb7 8. Bd3 c5 9. 0-0 Bd6 10. Qc2 Be7 11. Rd1 Qc7 12. Bb2 cxd4 13. cxd4 Qxc2 14. Bxc2 0-0 15. Rac1 Nd7 16. Ba4 Bc8 17. Rxc8 Raxc8 18. Bxd7 Rc2 19. Rd2 Rxd2 20. Nxd2 Rd8 21. Bb5 Rc8 22. Bd3 Bb4 23. Nc4 b5 24. Ne3 a6 25. Kf1 Bc3 26. Bxc3 Rxc3 27. Ke2 Rc1 28. Nc2 Rb1 29. d5 a5 30. d6 Kf8 31. Ke3 e5 32. Na3 Re1+ 33. Be2 b4 34. Nc4 f6 35. Nxa5 Ke8 36. Kd2 Ra1 37. Bc4 Kd7 38. Nb7 Kc8 39. Nc5 Kd8 40. Be6 1-0

[Event "Mecklenburg VP-ch Youth"]
[Site "Malchow"]
[Date "2017.02.16"]
[Round "1.5"]
[White "Brockmann, Ole"]
[Black "Boettner, Oliver"]
[Result "0-1"]
[WhiteElo "1120"]
[BlackElo "1451"]
[PlyCount "58"]
[EventDate "2017.02.08"]
[EventType "swiss"]
[EventRounds "7"]
[EventCountry "GER"]
[SourceTitle "EXT 2022"]
[Source "ChessBase"]
[SourceDate "2021.10.06"]
[SourceVersion "1"]
[SourceVersionDate "2021.10.06"]
[SourceQuality "1"]

1. e4 c5 2. Nf3 Nc6 3. d3 e6 4. Bf4 Nf6 5. g3 Be7 6. Bg2 0-0 7. 0-0 b5 8. b3 d5 9. c4 bxc4 10. bxc4 Bb7 11. Nbd2 dxe4 12. dxe4 Nd4 13. Ne5 Bd6 14. Nb3 Nxb3 15. Qxb3 Bxe4 16. Rfd1 Bxg2 17. Kxg2 Qc7 18. Kg1 Bxe5 19. Bxe5 Qxe5 20. Rac1 h6 21. Rc2 Rfd8 22. Rcd2 Rxd2 23. Rxd2 Qe1+ 24. Kg2 Qxd2 25. a4 Rd8 26. h4 Qb4 27. Qc2 Rd4 28. Qe2 Qxc4 29. Qf3 Qd5 0-1

[Event "Mecklenburg VP-ch Youth"]
[Site "Malchow"]
[Date "2017.02.16"]
[Round "3.2"]
[White "Troyke, Jannis"]
[Black "Boettner, Oliver"]
[Result "0-1"]
[WhiteElo "1667"]
[BlackElo "1451"]
[PlyCount "82"]
[EventDate "2017.02.08"]
[EventType "swiss"]
[EventRounds "7"]
[EventCountry "GER"]
[SourceTitle "EXT 2022"]
[Source "ChessBase"]
[SourceDate "2021.10.06"]
[SourceVersion "1"]
[SourceVersionDate "2021.10.06"]
[SourceQuality "1"]

1. e4 c5 2. Nc3 e6 3. f4 g6 4. Nf3 Bg7 5. d3 f5 6. Be2 d5 7. e5 d4 8. Nb1 Ne7 9. 0-0 Nd5 10. Qe1 Nc6 11. h3 b5 12. a4 bxa4 13. Na3 Ba6 14. Ng5 Bh6 15. Nxe6 Qe7 16. Ng5 Bxg5 17. fxg5 Rd8 18. g4 Qxe5 19. gxf5 Ne3 20. Bxe3 Qxe3+ 21. Qf2 Qxg5+ 22. Qg2 Qxg2+ 23. Kxg2 Ne7 24. fxg6 hxg6 25. Bf3 Rf8 26. Rae1 Kd7 27. Nc4 Bxc4 28. dxc4 Nf5 29. Bg4 Kd6 30. Bxf5 Rxf5 31. Rxf5 gxf5 32. Kg3 Rb8 33. Rb1 Rb4 34. b3 a5 35. Kf4 axb3 36. Rxb3 Rxb3 37. cxb3 Ke6 38. Kg3 Kf6 39. Kg2 Kg5 40. h4+ Kxh4 41. Kf3 Kh3 0-1

[Event "Mecklenburg VP LL2 Ost 1617"]
[Site "Mecklenburg VP"]
[Date "2017.01.15"]
[Round "5.6"]
[White "Boettner, Oliver"]
[Black "Behrens, Christoph"]
[Result "0-1"]
[WhiteElo "1412"]
[BlackElo "1583"]
[PlyCount "50"]
[EventDate "2016.10.16"]
[EventType "team-tourn"]
[EventRounds "9"]
[EventCountry "GER"]
[SourceTitle "EXT 2022"]
[Source "ChessBase"]
[SourceDate "2021.10.06"]
[SourceVersion "1"]
[SourceVersionDate "2021.10.06"]
[SourceQuality "1"]
[WhiteTeam "Stralsund FHSG II"]
[BlackTeam "Bergen Rugia"]
[WhiteTeamCountry "GER"]
[BlackTeamCountry "GER"]

1. e4 e5 2. d4 exd4 3. c3 Qe7 4. Qxd4 Nc6 5. Qd3 h6 6. Bf4 d6 7. Nd2 Nf6 8. 0-0-0 g5 9. Bg3 Be6 10. Qb5 0-0-0 11. Qa4 Nd7 12. Ngf3 Nb6 13. Qc2 Bg7 14. Nb3 Bxb3 15. Qxb3 Be5 16. Nxe5 Nxe5 17. Bxe5 dxe5 18. Bc4 f6 19. Be6+ Kb8 20. Bf5 a6 21. h4 Qc5 22. hxg5 fxg5 23. Rxd8+ Rxd8 24. Rxh6 Qxf2 25. Qc2 Qe1+ 0-1

[Event "Mecklenburg VP LL2 Ost 1617"]
[Site "Mecklenburg VP"]
[Date "2016.12.04"]
[Round "4.6"]
[White "Schellner, Ulf"]
[Black "Boettner, Oliver"]
[Result "0-1"]
[WhiteElo "1630"]
[BlackElo "1412"]
[PlyCount "96"]
[EventDate "2016.10.16"]
[EventType "team-tourn"]
[EventRounds "9"]
[EventCountry "GER"]
[SourceTitle "EXT 2022"]
[Source "ChessBase"]
[SourceDate "2021.10.06"]
[SourceVersion "1"]
[SourceVersionDate "2021.10.06"]
[SourceQuality "1"]
[WhiteTeam "Wolgast Motor"]
[BlackTeam "Stralsund FHSG II"]
[WhiteTeamCountry "GER"]
[BlackTeamCountry "GER"]

1. d4 d5 2. c4 e6 3. Nc3 Nf6 4. Bg5 Be7 5. Nf3 0-0 6. e3 b6 7. cxd5 exd5 8. Bd3 Bb7 9. 0-0 Nbd7 10. Rc1 Rc8 11. a3 Ne4 12. Bxe7 Qxe7 13. Nb5 a6 14. Na7 Ra8 15. Nc6 Qf6 16. Qc2 Qd6 17. Nce5 Rac8 18. Nxd7 Qxd7 19. Qe2 b5 20. Qc2 Qd6 21. Nd2 Nxd2 22. Qxd2 c5 23. dxc5 Rxc5 24. Rxc5 Qxc5 25. Rc1 Qd6 26. Bf5 Qe5 27. Bg4 Rd8 28. Rc5 g6 29. Bf3 Qd6 30. Qd4 Rd7 31. g3 Rc7 32. Rxc7 Qxc7 33. Qc3 Qxc3 34. bxc3 Kf8 35. Kf1 Ke7 36. Ke2 Kd6 37. Kd3 Kc5 38. h4 Bc8 39. g4 h6 40. Bd1 g5 41. hxg5 hxg5 42. f4 f6 43. Be2 Be6 44. Bf3 f5 45. fxg5 fxg4 46. Bg2 Bf5+ 47. e4 dxe4+ 48. Bxe4 g3 0-1

[Event "Mecklenburg VP LL2 Ost 1516"]
[Site "Mecklenburg VP"]
[Date "2016.02.21"]
[Round "6.7"]
[White "Boettner, Oliver"]
[Black "Gloeckner, Jan"]
[Result "0-1"]
[WhiteElo "1327"]
[BlackElo "1523"]
[PlyCount "94"]
[EventDate "2015.09.20"]
[EventType "team-tourn"]
[EventRounds "9"]
[EventCountry "GER"]
[SourceTitle "EXT 2022"]
[Source "ChessBase"]
[SourceDate "2021.10.06"]
[SourceVersion "1"]
[SourceVersionDate "2021.10.06"]
[SourceQuality "1"]
[WhiteTeam "Stralsund FHSG II"]
[BlackTeam "Neubrandenburg SG Eintracht III"]
[WhiteTeamCountry "GER"]
[BlackTeamCountry "GER"]

1. e4 d5 2. exd5 Nf6 3. Bc4 Nxd5 4. Nf3 b6 5. Bxd5 Qxd5 6. Nc3 Qh5 7. Qe2 Bb7 8. Nb5 Na6 9. b3 e6 10. Bb2 Qg6 11. Nbd4 0-0-0 12. 0-0-0 Bd6 13. Rdg1 Nb4 14. a3 Nd5 15. Nb5 Kb8 16. Ne5 Bxe5 17. Qxe5 Qf6 18. c4 Qxe5 19. Bxe5 a6 20. cxd5 axb5 21. d6 cxd6 22. Bxg7 Rhg8 23. Bf6 Rc8+ 24. Kb2 Bxg2 25. Be7 d5 26. Rxg2 Rxg2 27. Rf1 Kb7 28. h4 e5 29. d3 Re8 30. Bg5 f5 31. Kc1 Re6 32. Kd1 Rc6 33. Re1 Re6 34. Ke2 h6 35. Kf1 Rg4 36. f3 Rxg5 37. hxg5 hxg5 38. d4 e4 39. fxe4 dxe4 40. Kg2 Kc6 41. Rd1 Kd5 42. Kf2 f4 43. Kg2 g4 44. Rf1 f3+ 45. Kg3 Kxd4 46. Kxg4 Rf6 47. Kg3 Kd3 0-1

[Event "Mecklenburg VP U12"]
[Site "Malchow"]
[Date "2016.02.08"]
[Round "4.1"]
[White "Boettner, Oliver"]
[Black "Troyke, Jannis"]
[Result "1-0"]
[WhiteElo "1383"]
[BlackElo "1763"]
[PlyCount "73"]
[EventDate "2016.02.02"]
[EventType "swiss"]
[EventRounds "7"]
[EventCountry "GER"]
[SourceTitle "EXT 2024"]
[Source "ChessBase"]
[SourceDate "2023.10.10"]
[SourceVersion "1"]
[SourceVersionDate "2023.10.10"]
[SourceQuality "1"]

1. Nf3 d6 2. e4 c5 3. c3 Nf6 4. Qc2 Nc6 5. d4 cxd4 6. cxd4 Bg4 7. Be3 Rc8 8. Nc3 g6 9. d5 Nb8 10. Bxa7 Nbd7 11. Be3 Bg7 12. Be2 Nc5 13. Bb5+ Bd7 14. Bxd7+ Qxd7 15. Nd2 Qg4 16. 0-0 Qh4 17. Bxc5 Rxc5 18. Qa4+ Kf8 19. Qa8+ Ne8 20. Qxb7 Bxc3 21. bxc3 Rxc3 22. Qb2 Qf6 23. Nb1 Rc7 24. Qxf6 Nxf6 25. f3 Kg7 26. Nd2 Ra8 27. Rf2 Nh5 28. g3 Kf6 29. Nb3 Ke5 30. Kg2 Rc3 31. Nc1 Rca3 32. Kh3 Kd4 33. Kg4 f6 34. Rb1 R3a7 35. Rc2 Ng7 36. Rb4+ Ke3 37. Re2# 1-0

[Event "Mecklenburg VP LL2 Ost 1516"]
[Site "Mecklenburg VP"]
[Date "2015.10.11"]
[Round "2.8"]
[White "Rath, Wolfgang"]
[Black "Boettner, Oliver"]
[Result "0-1"]
[WhiteElo "1620"]
[BlackElo "1327"]
[PlyCount "110"]
[EventDate "2015.09.20"]
[EventType "team-tourn"]
[EventRounds "9"]
[EventCountry "GER"]
[SourceTitle "EXT 2022"]
[Source "ChessBase"]
[SourceDate "2021.10.06"]
[SourceVersion "1"]
[SourceVersionDate "2021.10.06"]
[SourceQuality "1"]
[WhiteTeam "Graal Mueritz"]
[BlackTeam "Stralsund FHSG II"]
[WhiteTeamCountry "GER"]
[BlackTeamCountry "GER"]

1. e4 e5 2. Bc4 Nf6 3. d3 d6 4. Nc3 Nc6 5. Be3 Be7 6. h3 Na5 7. Bb3 c5 8. Qd2 a6 9. Nd5 Be6 10. Nxe7 Nxb3 11. axb3 Qxe7 12. Nf3 b5 13. 0-0 0-0 14. Ra5 Qb7 15. Rfa1 Ne8 16. Ng5 Bd7 17. f4 f5 18. exf5 exf4 19. Bxf4 Bxf5 20. Qe3 Qc6 21. Bh2 Nc7 22. Qg3 Rf6 23. Rf1 h6 24. Ne4 Rg6 25. Qf4 Bxh3 26. Rf2 Ne8 27. Qf3 Bd7 28. Ra1 d5 29. Qf7+ Kh7 30. Nxc5 Bh3 31. d4 Nf6 32. Nd3 Re8 33. Ne5 Rxe5 34. Bxe5 Ng4 35. Raf1 Nxf2 36. Rxf2 Qe6 37. Qxe6 Bxe6 38. Rf8 Bh3 39. g3 Rg5 40. Ra8 Rg6 41. Rd8 Bf5 42. c3 Be4 43. Kf2 Rg5 44. Rd7 Kg8 45. Rd8+ Kh7 46. Rd7 Rh5 47. Kg1 Rh1+ 48. Kf2 Rh2+ 49. Ke3 h5 50. Rxg7+ Kh6 51. Rg8 Rxb2 52. Rh8+ Kg6 53. Rg8+ Kf7 54. Rg7+ Ke6 55. Rg6+ Bxg6 0-1

[Event "Mecklenburg VP LL2 Ost 1516"]
[Site "Mecklenburg VP"]
[Date "2015.09.20"]
[Round "1.8"]
[White "Boettner, Oliver"]
[Black "Mauser, Tassilo Tino"]
[Result "1-0"]
[WhiteElo "1327"]
[BlackElo "1807"]
[PlyCount "107"]
[EventDate "2015.09.20"]
[EventType "team-tourn"]
[EventRounds "9"]
[EventCountry "GER"]
[SourceTitle "EXT 2022"]
[Source "ChessBase"]
[SourceDate "2021.10.06"]
[SourceVersion "1"]
[SourceVersionDate "2021.10.06"]
[SourceQuality "1"]
[WhiteTeam "Stralsund FHSG II"]
[BlackTeam "Gryps SV"]
[WhiteTeamCountry "GER"]
[BlackTeamCountry "GER"]

1. e4 e5 2. Nf3 Nc6 3. Bc4 Bc5 4. 0-0 d6 5. c3 f6 6. a4 a6 7. h3 Qe7 8. a5 b5 9. axb6 Bxb6 10. b4 Kf8 11. Qe2 Qe8 12. Bxa6 Bxa6 13. Rxa6 Rxa6 14. Qxa6 Qg6 15. Qa8+ Qe8 16. Qxe8+ Kxe8 17. d3 Nge7 18. Be3 Bxe3 19. fxe3 d5 20. exd5 Nxd5 21. Re1 Ke7 22. d4 exd4 23. exd4+ Kf7 24. Rc1 Re8 25. Kf2 g6 26. Rc2 h6 27. Rb2 Na7 28. c4 Ne3 29. Re2 Nxc4 30. Rc2 Nd6 31. Rxc7+ Re7 32. Rxe7+ Kxe7 33. Ne1 Nf5 34. Nc2 Nc6 35. d5 Ncd4 36. Nxd4 Nxd4 37. Nc3 Kd6 38. Kg3 Nf5+ 39. Kf4 Nh4 40. g3 Ng2+ 41. Ke4 h5 42. Kd4 h4 43. gxh4 Nxh4 44. Ne4+ Ke7 45. Kc5 f5 46. Ng5 Ng2 47. b5 Ne3 48. b6 Kd7 49. Ne6 g5 50. b7 g4 51. b8Q gxh3 52. Qc7+ Ke8 53. Kc6 Nxd5 54. Qd7# 1-0

[Event "GER-ch U12"]
[Site "Willingen"]
[Date "2015.05.30"]
[Round "11"]
[White "Boettner, Oliver"]
[Black "Kublanov, Elizabeth"]
[Result "0-1"]
[WhiteElo "1363"]
[BlackElo "1518"]
[PlyCount "144"]
[EventDate "2015.05.24"]
[EventType "swiss"]
[EventRounds "11"]
[EventCountry "GER"]
[SourceTitle "CBM 166 Extra"]
[Source "ChessBase"]
[SourceDate "2015.06.18"]
[SourceVersion "1"]
[SourceVersionDate "2015.06.18"]
[SourceQuality "1"]

1. e4 e5 2. Nf3 Nc6 3. Bc4 Bc5 4. d3 Nf6 5. 0-0 h6 6. Be3 Bb6 7. Nbd2 0-0 8. c3 d6 9. Bb3 Bg4 10. h3 Bh5 11. Re1 d5 12. exd5 Nxd5 13. Qc2 Nxe3 14. fxe3 Re8 15. d4 exd4 16. exd4 Qf6 17. Rf1 Qf4 18. Kh1 Re7 19. Ne5 Nxd4 20. cxd4 Qxd4 21. Nef3 Qf4 22. Rae1 Rae8 23. Rxe7 Rxe7 24. Qc4 Qxc4 25. Bxc4 Bc5 26. Re1 Rd7 27. g4 Bg6 28. a3 Bc2 29. Kg2 c6 30. Kf1 b5 31. Be2 Be3 32. Nb1 a5 33. Nc3 b4 34. axb4 axb4 35. Na2 b3 36. Nb4 c5 37. Na6 Rd8 38. Bb5 Bd4 39. Nxd4 cxd4 40. Nb4 d3 41. Re8+ Rxe8 42. Nxd3 Bxd3+ 43. Bxd3 Re3 44. Bc4 Rxh3 45. Kg2 Re3 46. Kf2 Re4 47. Bxb3 Rb4 48. Bd5 Rxb2+ 49. Kg3 Rb5 50. Bc4 Rg5 51. Kf4 Kf8 52. Kg3 Ke7 53. Kf3 f5 54. gxf5 Rxf5+ 55. Kg4 Kf6 56. Bd3 Rd5 57. Ba6 g5 58. Be2 Rd4+ 59. Kg3 Kg6 60. Kf2 h5 61. Kg3 h4+ 62. Kh3 Rb4 63. Bg4 Rxg4 64. Kxg4 Kh6 65. Kh3 Kh5 66. Kh2 Kg4 67. Kg2 h3+ 68. Kh1 Kg3 69. Kg1 Kf3 70. Kh2 g4 71. Kg1 g3 72. Kh1 g2+ 0-1